000 00565nam a2200193Ia 4500
003 OSt
005 20240909115752.0
008 220927b |||||||| |||| 00| 0 eng d
040 _aSDCL
_cSDCL
_beng
041 _2eng
_aeng
082 _aRx L2;1
100 _aStroll, Avrum.
_9432548
245 0 _aIntroductory readings in philosophy.
260 _aNew York:
_b Holt, Rinehart and Winston,
_c1972.
300 _axiii,619p.
_ccm.
700 _a Popkin Richard H
_9432549
942 _hRx L2;1
_cTEXL
_2CC
999 _c768717
_d768717